<?xml version="1.0" encoding="UTF-8"?>
<record
    xmlns:xsi="http://www.w3.org/2001/XMLSchema-instance"
    xsi:schemaLocation="http://www.loc.gov/MARC21/slim http://www.loc.gov/standards/marcxml/schema/MARC21slim.xsd"
    xmlns="http://www.loc.gov/MARC21/slim">

  <leader>00324nam a2200133Ia 4500</leader>
  <controlfield tag="008">191201s2010    xx            000 0 und d</controlfield>
  <datafield tag="100" ind1=" " ind2=" ">
    <subfield code="a">LIPPMAN,Stanley</subfield>
  </datafield>
  <datafield tag="245" ind1=" " ind2="0">
    <subfield code="a">C++ Premier morthan 450000 Programmers</subfield>
  </datafield>
  <datafield tag="250" ind1=" " ind2=" ">
    <subfield code="a">4th</subfield>
  </datafield>
  <datafield tag="260" ind1=" " ind2=" ">
    <subfield code="a">N. Delhi</subfield>
    <subfield code="b">Pearson</subfield>
    <subfield code="c">2010</subfield>
  </datafield>
  <datafield tag="300" ind1=" " ind2=" ">
    <subfield code="a">885</subfield>
  </datafield>
  <datafield tag="650" ind1=" " ind2=" ">
    <subfield code="a">B.Tech(IT)</subfield>
  </datafield>
  <datafield tag="942" ind1=" " ind2=" ">
    <subfield code="2">ddc</subfield>
    <subfield code="c">BK</subfield>
  </datafield>
  <datafield tag="999" ind1=" " ind2=" ">
    <subfield code="c">4830</subfield>
    <subfield code="d">4830</subfield>
  </datafield>
  <datafield tag="952" ind1=" " ind2=" ">
    <subfield code="0">0</subfield>
    <subfield code="1">0</subfield>
    <subfield code="2">ddc</subfield>
    <subfield code="4">0</subfield>
    <subfield code="7">0</subfield>
    <subfield code="8">BTECHIT</subfield>
    <subfield code="a">PIET</subfield>
    <subfield code="b">PIET</subfield>
    <subfield code="d">2011-03-05</subfield>
    <subfield code="e">The book company</subfield>
    <subfield code="g">550.00</subfield>
    <subfield code="k">6890 Rs. 379.6</subfield>
    <subfield code="l">0</subfield>
    <subfield code="o">005.133 LIC</subfield>
    <subfield code="p">17383</subfield>
    <subfield code="r">2019-12-04 00:00:00</subfield>
    <subfield code="w">2011-03-01</subfield>
    <subfield code="y">BK</subfield>
  </datafield>
  <datafield tag="952" ind1=" " ind2=" ">
    <subfield code="0">0</subfield>
    <subfield code="1">0</subfield>
    <subfield code="2">ddc</subfield>
    <subfield code="4">0</subfield>
    <subfield code="7">0</subfield>
    <subfield code="8">CSEAIML</subfield>
    <subfield code="a">PIET</subfield>
    <subfield code="b">PIET</subfield>
    <subfield code="d">2011-03-05</subfield>
    <subfield code="e">The book company</subfield>
    <subfield code="g">550.00</subfield>
    <subfield code="k">6890 Rs. 379.6</subfield>
    <subfield code="l">3</subfield>
    <subfield code="o">005.133 LIC</subfield>
    <subfield code="p">17384</subfield>
    <subfield code="r">2023-03-16 00:00:00</subfield>
    <subfield code="s">2023-02-11</subfield>
    <subfield code="w">2011-03-01</subfield>
    <subfield code="y">BK</subfield>
  </datafield>
  <datafield tag="952" ind1=" " ind2=" ">
    <subfield code="0">0</subfield>
    <subfield code="1">0</subfield>
    <subfield code="2">ddc</subfield>
    <subfield code="4">0</subfield>
    <subfield code="7">0</subfield>
    <subfield code="8">CSEAIML</subfield>
    <subfield code="a">PIET</subfield>
    <subfield code="b">PIET</subfield>
    <subfield code="d">2011-03-05</subfield>
    <subfield code="e">The book company</subfield>
    <subfield code="g">550.00</subfield>
    <subfield code="k">6890 Rs. 379.6</subfield>
    <subfield code="l">2</subfield>
    <subfield code="o">005.133 LIC</subfield>
    <subfield code="p">17385</subfield>
    <subfield code="r">2021-12-13 00:00:00</subfield>
    <subfield code="s">2021-12-01</subfield>
    <subfield code="w">2011-03-01</subfield>
    <subfield code="y">BK</subfield>
  </datafield>
  <datafield tag="952" ind1=" " ind2=" ">
    <subfield code="0">0</subfield>
    <subfield code="1">0</subfield>
    <subfield code="2">ddc</subfield>
    <subfield code="4">0</subfield>
    <subfield code="7">0</subfield>
    <subfield code="8">CSECS</subfield>
    <subfield code="a">PIET</subfield>
    <subfield code="b">PIET</subfield>
    <subfield code="d">2011-03-05</subfield>
    <subfield code="e">The book company</subfield>
    <subfield code="g">550.00</subfield>
    <subfield code="k">6890 Rs. 379.6</subfield>
    <subfield code="l">0</subfield>
    <subfield code="o">005.133 LIC</subfield>
    <subfield code="p">17386</subfield>
    <subfield code="r">2019-12-04 00:00:00</subfield>
    <subfield code="w">2011-03-01</subfield>
    <subfield code="y">BK</subfield>
  </datafield>
  <datafield tag="952" ind1=" " ind2=" ">
    <subfield code="0">0</subfield>
    <subfield code="1">0</subfield>
    <subfield code="2">ddc</subfield>
    <subfield code="4">0</subfield>
    <subfield code="7">0</subfield>
    <subfield code="8">CSECS</subfield>
    <subfield code="a">PIET</subfield>
    <subfield code="b">PIET</subfield>
    <subfield code="d">2011-03-05</subfield>
    <subfield code="e">The book company</subfield>
    <subfield code="g">550.00</subfield>
    <subfield code="k">6890 Rs. 379.6</subfield>
    <subfield code="l">3</subfield>
    <subfield code="o">005.133 LIC</subfield>
    <subfield code="p">17387</subfield>
    <subfield code="r">2022-09-09 00:00:00</subfield>
    <subfield code="s">2022-08-23</subfield>
    <subfield code="w">2011-03-01</subfield>
    <subfield code="y">BK</subfield>
  </datafield>
</record>
